[Event "XIV American Continental"]
[Site "Sao Paulo BRA"]
[Date "2019.07.09"]
[Round "6.53"]
[White "Gauche, Charles"]
[Black "Mariani, Daniel Brandao"]
[Result "1/2-1/2"]
[WhiteElo "2200"]
[BlackElo "2062"]
[EventDate "2019.07.05"]
[PlyCount "143"]
[EventRounds "11"]
[EventCountry "BRA"]

1.e4 e6 2.d4 d5 3.Nd2 Be7 4.e5 c5 5.c3 Nc6 6.Ngf3 cxd4 7.cxd4 Qb6 8.Nb1 f6
9.Be2 Bb4+ 10.Bd2 Bd7 11.exf6 Nxf6 12.Bxb4 Qxb4+ 13.Qd2 Ne4 14.Qxb4 Nxb4 
15.Na3 Rc8 16.O-O O-O 17.Ne5 Be8 18.Bg4 Bf7 19.f3 Nf6 20.Bh3 Nc2 21.Nxc2 
Rxc2 22.Rf2 Rfc8 23.Nxf7 Rc1+ 24.Rf1 Rxf1+ 25.Kxf1 Kxf7 26.Re1 Rc6 27.Re2 
g6 28.Ke1 Nh5 29.g3 Ng7 30.g4 g5 31.Kd2 Ne8 32.Bf1 Rc4 33.Ke3 h6 34.Rf2 
Rc1 35.f4 Ke7 36.Bd3 Nf6 37.Rg2 Rh1 38.Be2 Kd6 39.Bf3 Re1+ 40.Re2 Rg1 41.
Kf2 Rc1 42.f5 exf5 43.gxf5 Kd7 44.Re6 Rc6 45.Re5 Rc2+ 46.Kg3 Rxb2 47.Bxd5 
Nxd5 48.Rxd5+ Ke7 49.Ra5 a6 50.h4 Kf6 51.hxg5+ hxg5 52.Kf3 Rd2 53.Ke3 Rh2 
54.a4 Rh3+ 55.Ke4 Rh4+ 56.Ke3 Rf4 57.Rd5 Rxf5 58.Rd6+ Kg7 59.Rb6 Ra5 60.
Rxb7+ Kf6 61.Ke4 Rxa4 62.Rb6+ Kf7 63.Ke5 g4 64.Rb3 Ke7 65.Rb7+ Ke8 66.Rg7 
Rb4 67.Rg6 Rb1 68.d5 a5 69.Ke6 Kd8 70.Rg8+ Kc7 71.Rxg4 Kd8 72.Rg5 1/2-1/2

[Event "XIV American Continental"]
[Site "Sao Paulo BRA"]
[Date "2019.07.09"]
[Round "6.54"]
[White "Gonzalez, Bolivar Ribeiro"]
[Black "Portes Junior, Dirceu Atanazio"]
[Result "1-0"]
[WhiteElo "2193"]
[BlackElo "2019"]
[EventDate "2019.07.05"]
[PlyCount "35"]
[EventRounds "11"]
[EventCountry "BRA"]

1.e4 c5 2.Nf3 Nc6 3.d4 cxd4 4.Nxd4 Nf6 5.Nc3 d6 6.Bg5 e6 7.Qd2 a6 8.O-O-O 
Bd7 9.f4 Qc7 10.Be2 Be7 11.Nf3 O-O-O 12.Bh4 h6 13.Bf2 Ng4 14.Bg1 Na5 15.
Qd4 Bf6 16.Qxd6 Qxd6 17.Rxd6 Kc7 18.e5 1-0

[Event "XIV American Continental"]
[Site "Sao Paulo BRA"]
[Date "2019.07.09"]
[Round "6.55"]
[White "Freitas Capiberibe, Andre Antoni"]
[Black "Curi Milia, Gabriel"]
[Result "1-0"]
[WhiteElo "2024"]
[BlackElo "2185"]
[EventDate "2019.07.05"]
[PlyCount "69"]
[EventRounds "11"]
[EventCountry "BRA"]

1.e4 e6 2.Qe2 c5 3.g3 Nc6 4.Bg2 Nge7 5.Nf3 d5 6.d3 g6 7.c3 Bg7 8.O-O O-O 
9.e5 b6 10.h4 Qc7 11.Bf4 Rb8 12.d4 Nf5 13.Qd2 Na5 14.Na3 Ba6 15.Rfc1 Rfc8 
16.b4 Nc4 17.Nxc4 Bxc4 18.g4 Ne7 19.Bh6 Qd8 20.Bxg7 Kxg7 21.Bf1 cxb4 22.
cxb4 Ng8 23.b5 Rb7 24.Rc2 Bxf1 25.Rxc8 Qxc8 26.Kxf1 Rc7 27.Kg2 h6 28.h5 
gxh5 29.g5 hxg5 30.Qxg5+ Kf8 31.Rh1 Qd7 32.Rxh5 Qe7 33.Qg3 f6 34.exf6 Qf7 
35.Rh8 1-0

[Event "XIV American Continental"]
[Site "Sao Paulo BRA"]
[Date "2019.07.09"]
[Round "6.56"]
[White "Abrantes, Tiago Garrido"]
[Black "Japiassu, Ricardo de Villa Nova"]
[Result "1-0"]
[WhiteElo "2177"]
[BlackElo "1990"]
[EventDate "2019.07.05"]
[PlyCount "119"]
[EventRounds "11"]
[EventCountry "BRA"]

1.d4 Nf6 2.c4 c5 3.Nf3 cxd4 4.Nxd4 b6 5.Nc3 Bb7 6.f3 d6 7.e4 Nbd7 8.Be2 a6
9.O-O e6 10.Be3 Be7 11.Qd2 Qc7 12.Rac1 O-O 13.Rfd1 Rfe8 14.Bf1 Rac8 15.Qf2
Qb8 16.b3 Ba8 17.Rc2 Bf8 18.g4 Ne5 19.g5 Nfd7 20.h4 Rcd8 21.Bh3 Nc5 22.
Rcd2 Nc6 23.Nxc6 Bxc6 24.b4 Nd7 25.Ne2 Ba8 26.Rc2 Bc6 27.Nd4 Ba4 28.Nb3 b5
29.cxb5 Bxb3 30.axb3 Qxb5 31.Rd4 Ne5 32.Bf1 Qb7 33.b5 axb5 34.Rb4 Re7 35.
Rxb5 Qa8 36.Kg2 Rb7 37.Ra2 Qc8 38.Rc2 Qb8 39.Rxb7 Qxb7 40.Rb2 g6 41.Bd4 
Bg7 42.b4 d5 43.Qg3 Nc6 44.Bxg7 Kxg7 45.Qf4 Qb6 46.b5 Kg8 47.Rd2 Na7 48.
exd5 Rxd5 49.Rxd5 exd5 50.Qe5 d4 51.Qe8+ Kg7 52.Qe5+ Kg8 53.Bd3 Qd8 54.h5 
gxh5 55.Qf5 Kf8 56.Bc4 Qe7 57.b6 Nc6 58.Qc8+ Nd8 59.b7 Qxg5+ 60.Kh3 1-0

[Event "XIV American Continental"]
[Site "Sao Paulo BRA"]
[Date "2019.07.09"]
[Round "6.57"]
[White "Ikejiri, Daniel Yoshito"]
[Black "Carvalho Fattoruso, Guillermo"]
[Result "1/2-1/2"]
[WhiteElo "2004"]
[BlackElo "2162"]
[EventDate "2019.07.05"]
[PlyCount "55"]
[EventRounds "11"]
[EventCountry "BRA"]

1.e4 c5 2.Nc3 Nc6 3.g3 g6 4.Bg2 Bg7 5.d3 e5 6.Nge2 Nge7 7.O-O O-O 8.Be3 d6
9.Qd2 Nd4 10.Rac1 Rb8 11.Bh6 b5 12.Bxg7 Kxg7 13.Nd1 Be6 14.Ne3 Qd7 15.b3 
f5 16.f4 Rf7 17.c3 Nxe2+ 18.Qxe2 b4 19.d4 exd4 20.cxd4 fxe4 21.Bxe4 d5 22.
Bg2 cxd4 23.Qb2 Nc6 24.Nc2 Kg8 25.Nxd4 Nxd4 26.Qxd4 Qd6 27.Rfe1 Rd7 28.
Rcd1 1/2-1/2

[Event "XIV American Continental"]
[Site "Sao Paulo BRA"]
[Date "2019.07.09"]
[Round "6.58"]
[White "Caetano, Ryan Wesley da Costa"]
[Black "Bassani, Jaison Jose"]
[Result "1-0"]
[WhiteElo "2155"]
[BlackElo "1973"]
[EventDate "2019.07.05"]
[PlyCount "91"]
[EventRounds "11"]
[EventCountry "BRA"]

1.e4 c5 2.Nf3 Nc6 3.d4 cxd4 4.Nxd4 Nf6 5.Nc3 e5 6.Ndb5 d6 7.Nd5 Nxd5 8.
exd5 Ne7 9.c3 Nf5 10.Bd3 g6 11.O-O a6 12.Na3 b5 13.Nc2 Bg7 14.a4 Bd7 15.a5
O-O 16.Nb4 Re8 17.Re1 Nh6 18.Be3 f5 19.f3 e4 20.Be2 exf3 21.Bxf3 Ng4 22.
Bxg4 fxg4 23.Qd2 Qh4 24.Bf2 Qh5 25.Bg3 Bh6 26.Qd4 Bg7 27.Qb6 Bf5 28.Rxe8+ 
Rxe8 29.Qf2 Be4 30.Rd1 Rf8 31.Qe2 Bf5 32.Bxd6 Rd8 33.Bg3 Qg5 34.Nxa6 h5 
35.Qf2 Rf8 36.Bh4 Qh6 37.Be7 Rf7 38.Qe2 g3 39.Bc5 g5 40.d6 Bg4 41.Qe8+ Rf8
42.d7 gxh2+ 43.Kh1 Bxd7 44.Qxd7 Qxa6 45.Bxf8 Bxf8 46.Qd5+ 1-0

[Event "XIV American Continental"]
[Site "Sao Paulo BRA"]
[Date "2019.07.09"]
[Round "6.59"]
[White "Campelo, Leandro Fabricio"]
[Black "Passos, Rafael Moreira"]
[Result "1-0"]
[WhiteElo "2155"]
[BlackElo "1808"]
[EventDate "2019.07.05"]
[PlyCount "39"]
[EventRounds "11"]
[EventCountry "BRA"]

1.e4 c5 2.Nf3 e6 3.d4 cxd4 4.Nxd4 Nc6 5.Nc3 Qc7 6.Be3 a6 7.Bd3 Nf6 8.O-O 
Nxd4 9.Bxd4 Bc5 10.Bxc5 Qxc5 11.Kh1 d6 12.f4 e5 13.Qe1 O-O 14.fxe5 dxe5 
15.Rxf6 gxf6 16.Nd5 Qd6 17.Qh4 f5 18.Nf6+ Kg7 19.Qg5+ Kh8 20.Qh6 1-0

[Event "XIV American Continental"]
[Site "Sao Paulo BRA"]
[Date "2019.07.09"]
[Round "6.61"]
[White "Barreto, Ignacio C. De Barros"]
[Black "Amaral, Danilo Tokechi"]
[Result "1-0"]
[WhiteElo "2101"]
[BlackElo "1432"]
[EventDate "2019.07.05"]
[PlyCount "73"]
[EventRounds "11"]
[EventCountry "BRA"]

1.c4 Nf6 2.Nc3 c5 3.Nf3 d5 4.cxd5 Nxd5 5.e3 Nc6 6.d4 cxd4 7.exd4 a6 8.Bc4 
Be6 9.Bb3 g6 10.O-O Bg7 11.Ng5 Nxd4 12.Nxe6 fxe6 13.Ne4 Nxb3 14.Qxb3 Qb6 
15.Qxb6 Nxb6 16.Nc5 Kf7 17.Re1 Nc4 18.Nxe6 Bxb2 19.Bxb2 Nxb2 20.Rab1 Nd3 
21.Re3 h6 22.Rxd3 Kxe6 23.Rxb7 Rhe8 24.h4 Rad8 25.Rb6+ Rd6 26.Rdxd6+ exd6 
27.Rxa6 Re7 28.Ra3 Kd5 29.Re3 Rg7 30.a4 Kc4 31.a5 d5 32.Ra3 Kb5 33.Kf1 Re7
34.a6 Ra7 35.f4 Rxa6 36.Rxa6 Kxa6 37.h5 1-0

[Event "XIV American Continental"]
[Site "Sao Paulo BRA"]
[Date "2019.07.09"]
[Round "6.62"]
[White "Sega, Carlos Alberto"]
[Black "Medrano, Mario"]
[Result "1/2-1/2"]
[WhiteElo "2220"]
[BlackElo "1960"]
[EventDate "2019.07.05"]
[PlyCount "67"]
[EventRounds "11"]
[EventCountry "BRA"]

1.c4 Nf6 2.Nc3 e6 3.e4 e5 4.Nf3 Nc6 5.d4 exd4 6.Nxd4 Nxd4 7.Qxd4 d6 8.Nd5 
c6 9.Nxf6+ Qxf6 10.Qxf6 gxf6 11.Bf4 Be6 12.O-O-O O-O-O 13.Kb1 f5 14.exf5 
Bxf5+ 15.Bd3 Bxd3+ 16.Rxd3 Rg8 17.Bg3 Rg4 18.b3 Re4 19.Rhd1 Re2 20.R1d2 
Rde8 21.Bf4 Rxd2 22.Rxd2 Re1+ 23.Kc2 Ra1 24.Kd3 Kd7 25.Ke4 Ke6 26.g4 a6 
27.a4 Rg1 28.Kf3 Rb1 29.Rd3 d5 30.Re3+ Kd7 31.cxd5 cxd5 32.Rd3 Ke6 33.Re3+
Kd7 34.Rd3 1/2-1/2

[Event "XIV American Continental"]
[Site "Sao Paulo BRA"]
[Date "2019.07.09"]
[Round "6.63"]
[White "Madeira, Wagner Martins"]
[Black "Monteiro, Marcos Paulo de Souza"]
[Result "1-0"]
[WhiteElo "2150"]
[BlackElo "1953"]
[EventDate "2019.07.05"]
[PlyCount "59"]
[EventRounds "11"]
[EventCountry "BRA"]

1.e4 c6 2.Nc3 d5 3.Nf3 dxe4 4.Nxe4 Nf6 5.Qe2 Nxe4 6.Qxe4 Nd7 7.Bc4 Nf6 8.
Ne5 e6 9.Qe2 Be7 10.O-O O-O 11.a4 Qc7 12.a5 Nd7 13.Nf3 Rb8 14.d4 b5 15.
axb6 axb6 16.Ng5 Nf6 17.Bd2 c5 18.dxc5 Bxc5 19.Bc3 Qf4 20.Be5 Qxg5 21.Bxb8
Bb7 22.Bg3 Ne4 23.Bd3 Nxg3 24.hxg3 Qd5 25.Qf3 Qxf3 26.gxf3 Bxf3 27.Rfe1 
Rd8 28.Be4 Bxe4 29.Rxe4 Kf8 30.b4 1-0

[Event "XIV American Continental"]
[Site "Sao Paulo BRA"]
[Date "2019.07.09"]
[Round "6.64"]
[White "Gazola, Vanessa Ramos"]
[Black "Balzano, Ivan"]
[Result "1/2-1/2"]
[WhiteElo "1954"]
[BlackElo "2141"]
[EventDate "2019.07.05"]
[PlyCount "36"]
[EventRounds "11"]
[EventCountry "BRA"]

1.d4 Nf6 2.c4 e5 3.dxe5 Ng4 4.Nf3 Bc5 5.e3 Nc6 6.Be2 Ngxe5 7.Nbd2 O-O 8.
O-O Re8 9.Nb3 Bf8 10.Bd2 d5 11.cxd5 Qxd5 12.Bc3 Be6 13.Nbd4 Rad8 14.Nxe5 
Nxe5 15.Nxe6 Qxe6 16.Qb3 Qxb3 17.axb3 a6 18.Rfd1 Rd6 1/2-1/2

[Event "XIV American Continental"]
[Site "Sao Paulo BRA"]
[Date "2019.07.09"]
[Round "6.65"]
[White "Andrade, Roberto Luiz Costa"]
[Black "Brito, Vicente de Paulo Alencar"]
[Result "1-0"]
[WhiteElo "2123"]
[BlackElo "1948"]
[EventDate "2019.07.05"]
[PlyCount "73"]
[EventRounds "11"]
[EventCountry "BRA"]

1.e4 d6 2.d4 Nf6 3.Nc3 g6 4.Be3 c6 5.h3 b5 6.a3 a6 7.Nge2 Nbd7 8.g4 Bg7 9.
Bg2 Qc7 10.Ng3 Nb6 11.O-O Bb7 12.Qd3 Nc4 13.Bc1 c5 14.d5 Ne5 15.Qe2 b4 16.
Nd1 a5 17.Qb5+ Ned7 18.axb4 cxb4 19.e5 dxe5 20.d6 exd6 21.Qxb7 Qxb7 22.
Bxb7 Ra7 23.Bc6 Ke7 24.g5 Ne8 25.Ne3 Nc7 26.Ngf5+ gxf5 27.Nxf5+ Kf8 28.
Bxd7 Ne6 29.Bxe6 fxe6 30.Nxd6 Ke7 31.Be3 Rc7 32.Nb5 Rxc2 33.Rxa5 Rb8 34.
Ra7+ Kf8 35.Rd1 e4 36.Nd4 b3 37.Nxe6+ 1-0

[Event "XIV American Continental"]
[Site "Sao Paulo BRA"]
[Date "2019.07.09"]
[Round "6.66"]
[White "Borges, Wagner da Silva"]
[Black "Soares, Paulo Henrique dos Reis"]
[Result "1/2-1/2"]
[WhiteElo "2114"]
[BlackElo "1922"]
[EventDate "2019.07.05"]
[PlyCount "125"]
[EventRounds "11"]
[EventCountry "BRA"]

1.d4 Nf6 2.Nf3 b6 3.Bf4 g6 4.e3 Bb7 5.Nbd2 Bg7 6.c3 c5 7.Be2 Nc6 8.h3 O-O 
9.O-O d6 10.Bh2 Re8 11.a4 a6 12.Qc2 e5 13.dxe5 dxe5 14.Rfd1 Qc7 15.Nc4 Bf8
16.Qb3 Nd7 17.Rxd7 Qxd7 18.Nxb6 Na5 19.Qc2 Qc6 20.Nxa8 Bxa8 21.b3 Bg7 22.
Bf1 Qb6 23.Rb1 Qf6 24.e4 Qc6 25.Re1 Nb7 26.Nd2 Nd6 27.Nc4 Nxe4 28.Rxe4 
Qxe4 29.Qxe4 Bxe4 30.Nd6 Rb8 31.Nxe4 Rxb3 32.g4 c4 33.Bxc4 Ra3 34.Bxa6 
Rxa4 35.Bd3 f5 36.gxf5 gxf5 37.Nd6 e4 38.Bf1 Bxc3 39.Nxf5 Kf7 40.Bf4 Kf6 
41.Ng3 Be5 42.Bxe5+ Kxe5 43.Bg2 Kf4 44.Kh2 Ke5 45.Nxe4 Rxe4 46.Bxe4 Kxe4 
47.Kg3 Ke5 48.Kg4 Kf6 49.Kf4 Kg6 50.Ke5 Kg5 51.h4+ Kg6 52.Ke6 Kg7 53.Kf5 
Kf7 54.Kg5 Kg7 55.Kh5 Kg8 56.Kh6 Kh8 57.Kg5 Kg7 58.Kf5 Kf7 59.Ke5 Ke7 60.
f4 Kf7 61.Kf5 Ke7 62.Ke5 Kf7 63.f5 1/2-1/2

[Event "XIV American Continental"]
[Site "Sao Paulo BRA"]
[Date "2019.07.09"]
[Round "6.67"]
[White "Baeta, Marcio Netto"]
[Black "Januario, Severino Pereira"]
[Result "0-1"]
[WhiteElo "1903"]
[BlackElo "2112"]
[EventDate "2019.07.05"]
[PlyCount "112"]
[EventRounds "11"]
[EventCountry "BRA"]

1.d4 Nf6 2.Nf3 e6 3.g3 b6 4.Bg2 Bb7 5.c4 Be7 6.O-O O-O 7.Nc3 d5 8.Qc2 c6 
9.Rd1 Nbd7 10.b3 Qc8 11.Bg5 h6 12.Bf4 Re8 13.Rac1 Nh5 14.cxd5 cxd5 15.Bd2 
a6 16.Ne5 Nhf6 17.Qd3 Qd8 18.f4 Bb4 19.Nb1 Bxd2 20.Rxd2 Rc8 21.Rxc8 Qxc8 
22.Rc2 Qb8 23.Nc6 Qd6 24.Ne5 Rc8 25.Nd2 a5 26.Rxc8+ Bxc8 27.e3 Qc7 28.e4 
dxe4 29.Bxe4 Nxe4 30.Qxe4 Bb7 31.Qe2 Qc1+ 32.Nf1 Nf6 33.Qd2 Qb1 34.Qe2 Qa1
35.Nf3 Bd5 36.h3 b5 37.Nd2 Qxd4+ 38.Qe3 Qb4 39.Qe5 Ne4 40.Nxe4 Bxe4 41.a3 
Qe1 42.Qxb5 Qd1 43.Qc5 Bd3 44.Qf2 Bxf1 45.Qxf1 Qxb3 46.Kf2 Qxa3 47.Qb5 Kh7
48.f5 Qb2+ 49.Ke3 exf5 50.Qxf5+ g6 51.Qf1 a4 52.h4 Qb3+ 53.Kd4 Qb2+ 54.Kd5
Kg7 55.h5 g5 56.g4 a3 0-1

[Event "XIV American Continental"]
[Site "Sao Paulo BRA"]
[Date "2019.07.09"]
[Round "6.68"]
[White "Bil Ramos, Angelo"]
[Black "Carvalho, Felipe Lobo"]
[Result "1/2-1/2"]
[WhiteElo "1937"]
[BlackElo "2106"]
[EventDate "2019.07.05"]
[PlyCount "22"]
[EventRounds "11"]
[EventCountry "BRA"]

1.e4 e5 2.Nf3 Nc6 3.Bb5 a6 4.Ba4 Nf6 5.O-O Be7 6.Re1 b5 7.Bb3 d6 8.c3 O-O 
9.h3 Bb7 10.d4 Na5 11.Bc2 Re8 1/2-1/2

[Event "XIV American Continental"]
[Site "Sao Paulo BRA"]
[Date "2019.07.09"]
[Round "6.69"]
[White "Souza, Wellington"]
[Black "Moyses Sobrinho, Elias"]
[Result "1-0"]
[WhiteElo "2097"]
[BlackElo "1906"]
[EventDate "2019.07.05"]
[PlyCount "53"]
[EventRounds "11"]
[EventCountry "BRA"]

1.Nf3 d5 2.d4 Nf6 3.c4 c6 4.Nc3 e6 5.e3 Be7 6.Bd3 h6 7.O-O O-O 8.b3 Nbd7 
9.Bb2 b6 10.Rc1 Bb7 11.cxd5 cxd5 12.Qe2 a6 13.h3 b5 14.Rc2 Qb6 15.Rfc1 
Rac8 16.Nd2 Rfe8 17.f4 Bb4 18.g4 Bxc3 19.Rxc3 Rxc3 20.Rxc3 Rc8 21.Rxc8+ 
Bxc8 22.g5 hxg5 23.fxg5 Nh7 24.Nf3 Qd6 25.Kg2 Qe7 26.Bxh7+ Kxh7 27.Qc2+ 
1-0

[Event "XIV American Continental"]
[Site "Sao Paulo BRA"]
[Date "2019.07.09"]
[Round "6.70"]
[White "Pascheto, Ademir Heleno"]
[Black "Caceres Vasquez, Sergio"]
[Result "0-1"]
[WhiteElo "1827"]
[BlackElo "2081"]
[EventDate "2019.07.05"]
[PlyCount "32"]
[EventRounds "11"]
[EventCountry "BRA"]

1.d4 d5 2.c4 c6 3.Qc2 Nf6 4.Nf3 dxc4 5.Qxc4 b5 6.Qc2 Bb7 7.g3 Nbd7 8.Bg2 
e6 9.O-O c5 10.Bg5 Rc8 11.Qd3 Qb6 12.a3 a5 13.h3 b4 14.Nbd2 Ba6 15.Nc4 
Bxc4 16.dxc5 Bxc5 0-1

[Event "XIV American Continental"]
[Site "Sao Paulo BRA"]
[Date "2019.07.09"]
[Round "6.71"]
[White "Araujo, Jose Roberto"]
[Black "Da Silva, Jefferson Rian Ferreir"]
[Result "1-0"]
[WhiteElo "2079"]
[BlackElo "1936"]
[EventDate "2019.07.05"]
[PlyCount "59"]
[EventRounds "11"]
[EventCountry "BRA"]

1.e4 c5 2.Nc3 g6 3.g3 Bg7 4.Bg2 Nc6 5.d3 Nf6 6.Nge2 d6 7.O-O Bg4 8.h3 Bd7 
9.Be3 a6 10.Qd2 h5 11.a3 Qc8 12.Nf4 h4 13.g4 e6 14.f3 Qc7 15.Nfe2 Ne7 16.
d4 c4 17.d5 exd5 18.exd5 Kf8 19.Bd4 Re8 20.Kh1 Nh7 21.Rae1 Bxd4 22.Nxd4 
Kg7 23.f4 Nf6 24.f5 gxf5 25.Rxe7 Rxe7 26.Qg5+ Kf8 27.Qxf6 Rg8 28.gxf5 Ke8 
29.Ne4 Kd8 30.Nxd6 1-0

[Event "XIV American Continental"]
[Site "Sao Paulo BRA"]
[Date "2019.07.09"]
[Round "6.72"]
[White "Lo Kim Lin, Frank"]
[Black "Takano, Nicholas Ryo"]
[Result "0-1"]
[WhiteElo "1823"]
[BlackElo "2077"]
[EventDate "2019.07.05"]
[PlyCount "76"]
[EventRounds "11"]
[EventCountry "BRA"]

1.e4 c5 2.Nf3 g6 3.d4 cxd4 4.Nxd4 Nc6 5.Nc3 Bg7 6.Be3 Nf6 7.f3 O-O 8.Qd2 
d5 9.O-O-O dxe4 10.fxe4 Ng4 11.Nce2 Nxe3 12.Qxe3 Qb6 13.Rd3 Nxd4 14.Nxd4 
e5 15.Nf3 Qxe3+ 16.Rxe3 Bh6 17.Kd2 Rd8+ 18.Ke2 Bxe3 19.Kxe3 f6 20.Bc4+ Kf8
21.Rf1 Ke7 22.Nd2 Be6 23.Bb5 Rac8 24.Bd3 a6 25.a4 Rd4 26.Ra1 a5 27.Nf3 
Rdd8 28.Nd2 Rc6 29.Ra3 Rb6 30.Nb3 Ra8 31.Kd2 Rd6 32.Kc1 b6 33.Nd2 Rad8 34.
Nb1 g5 35.Kd2 f5 36.Ke3 Rd4 37.h3 fxe4 38.Bxe4 Rxe4+ 0-1

[Event "XIV American Continental"]
[Site "Sao Paulo BRA"]
[Date "2019.07.09"]
[Round "6.73"]
[White "Pereira, Geanfrancesco"]
[Black "Dos Santos, Matheus Garcett Souza"]
[Result "1-0"]
[WhiteElo "2068"]
[BlackElo "1874"]
[EventDate "2019.07.05"]
[PlyCount "53"]
[EventRounds "11"]
[EventCountry "BRA"]

1.d4 Nf6 2.Nf3 g6 3.c4 Bg7 4.Nc3 O-O 5.e4 d6 6.Be2 e5 7.O-O Nc6 8.d5 Ne7 
9.b4 Ne8 10.c5 f5 11.Ng5 h6 12.Ne6 Bxe6 13.dxe6 fxe4 14.Qb3 d5 15.Nxd5 
Qxd5 16.Bc4 Qd8 17.Rd1 Qc8 18.Rd7 Bf6 19.Bxh6 Ng7 20.Rad1 Re8 21.g4 Nc6 
22.Bxg7 Be7 23.Bh6 Nd4 24.Qe3 Kh7 25.R1xd4 exd4 26.Qh3 Kg8 27.Bf4 1-0

[Event "XIV American Continental"]
[Site "Sao Paulo BRA"]
[Date "2019.07.09"]
[Round "6.74"]
[White "Markzon, Gregory"]
[Black "Andrade, Guilherme Alves de Souza"]
[Result "1-0"]
[WhiteElo "2059"]
[BlackElo "1867"]
[EventDate "2019.07.05"]
[PlyCount "119"]
[EventRounds "11"]
[EventCountry "BRA"]

1.d4 d5 2.c4 e6 3.Nc3 a6 4.e3 Nf6 5.Bd3 dxc4 6.Bxc4 b5 7.Bd3 Bb7 8.Nf3 c5 
9.O-O Nbd7 10.a4 b4 11.Ne2 Bd6 12.Ng3 O-O 13.Qe2 Nd5 14.Ne4 Be7 15.dxc5 
Nxc5 16.Nxc5 Bxc5 17.e4 Ne7 18.Bf4 Ng6 19.Bg3 Bd6 20.Rfd1 Bxg3 21.hxg3 Qa5
22.Nd4 Qe5 23.Nf3 Qa5 24.Nd2 Qg5 25.a5 Qf6 26.Nc4 Ne5 27.Nb6 Ra7 28.Bc4 
Rd8 29.Rxd8+ Qxd8 30.Rd1 Qe8 31.f4 Nc6 32.Rd7 h6 33.Qd2 Bc8 34.Rxa7 Nxa7 
35.Qxb4 Qd8 36.Bf1 Nc6 37.Qc5 Bb7 38.Nc4 Qd1 39.Qb6 Qd4+ 40.Qxd4 Nxd4 41.
Nd6 Bc6 42.Bxa6 Nb3 43.Be2 Nxa5 44.b4 Nb7 45.Nxb7 Bxb7 46.e5 Kf8 47.Bf3 
Ba6 48.Kf2 Ke7 49.Ke3 Kd8 50.Kd4 Kc7 51.Kc5 Bd3 52.b5 f5 53.b6+ Kb8 54.Kd6
Bc4 55.Ke7 g5 56.Kf6 g4 57.Bc6 Kc8 58.Kg6 Bd3 59.Kf6 Bc4 60.Ke7 1-0

[Event "XIV American Continental"]
[Site "Sao Paulo BRA"]
[Date "2019.07.09"]
[Round "6.75"]
[White "Santos Filho, Tadeu Sousa"]
[Black "Dos Santos, Fabio Alexandre"]
[Result "1/2-1/2"]
[WhiteElo "2057"]
[BlackElo "1821"]
[EventDate "2019.07.05"]
[PlyCount "93"]
[EventRounds "11"]
[EventCountry "BRA"]

1.e4 e6 2.d3 d5 3.Nd2 c5 4.Ngf3 Nc6 5.g3 Nf6 6.Bg2 Be7 7.O-O O-O 8.Re1 b6 
9.e5 Nd7 10.Nf1 Qc7 11.Qe2 Ba6 12.h4 Rae8 13.Bf4 Qd8 14.N1h2 f6 15.Ng4 
Ndxe5 16.Ngxe5 Nxe5 17.Nxe5 fxe5 18.Bxe5 Bf6 19.Bh3 Qe7 20.f4 d4 21.b3 Bb7
22.Qh5 Bd5 23.Re2 g6 24.Qg4 Qb7 25.Rf2 Bxe5 26.fxe5 Rxf2 27.Kxf2 Rf8+ 28.
Kg1 Rf5 29.Qe2 Rf7 30.Rf1 Rxf1+ 31.Qxf1 Qf7 32.Qxf7+ Kxf7 33.Bg4 h6 34.Kf2
g5 35.Bh5+ Kg7 36.Ke2 gxh4 37.gxh4 a6 38.Kd2 b5 39.c4 Bc6 40.a3 bxc4 41.
dxc4 a5 42.Kd3 Bg2 43.Bg4 Bf1+ 44.Kd2 Kf7 45.h5 Ke7 46.Ke1 Bd3 47.Kd2 
1/2-1/2

[Event "XIV American Continental"]
[Site "Sao Paulo BRA"]
[Date "2019.07.09"]
[Round "6.76"]
[White "Lage, Pedro Ferreira"]
[Black "Feller, Gabriela Luisa Vicente"]
[Result "1-0"]
[WhiteElo "2050"]
[BlackElo "1710"]
[EventDate "2019.07.05"]
[PlyCount "55"]
[EventRounds "11"]
[EventCountry "BRA"]

1.Nf3 Nf6 2.c4 c5 3.Nc3 d5 4.cxd5 Nxd5 5.e4 Nxc3 6.dxc3 Qxd1+ 7.Kxd1 Bg4 
8.Be2 Nc6 9.Kc2 e6 10.Bf4 O-O-O 11.Rhe1 Be7 12.h3 Bh5 13.g4 Bg6 14.Bb5 f6 
15.Bxc6 bxc6 16.h4 h5 17.g5 Rhf8 18.Re2 Rf7 19.Rg1 Rg8 20.Kc1 a5 21.Rg3 
Bd8 22.Nd2 Bc7 23.Bxc7 Kxc7 24.f4 Rff8 25.Reg2 Bf7 26.gxf6 gxf6 27.Rg7 Kb8
28.Rxf7 1-0

[Event "XIV American Continental"]
[Site "Sao Paulo BRA"]
[Date "2019.07.09"]
[Round "6.77"]
[White "De Arruda Filho, Nivaldo Jesus"]
[Black "Do Prado, Hamilton Mesquita"]
[Result "1-0"]
[WhiteElo "2045"]
[BlackElo "1675"]
[EventDate "2019.07.05"]
[PlyCount "109"]
[EventRounds "11"]
[EventCountry "BRA"]

1.c4 c5 2.g3 Nf6 3.Bg2 Nc6 4.Nf3 e6 5.O-O d5 6.cxd5 exd5 7.d4 h6 8.Nc3 Be6
9.e3 Be7 10.dxc5 Bxc5 11.b3 Rc8 12.Bb2 O-O 13.Rc1 Qe7 14.Qe2 Ba3 15.Rfd1 
Bxb2 16.Qxb2 Rfd8 17.Ne2 Bf5 18.Nfd4 Be4 19.Bh3 Nxd4 20.Qxd4 Rxc1 21.Rxc1 
b6 22.b4 g5 23.Nc3 Bf3 24.Bg2 Bxg2 25.Kxg2 Qe6 26.Rd1 Rd7 27.h4 a6 28.hxg5
hxg5 29.Rh1 b5 30.Kf1 Kg7 31.f3 Rc7 32.Kf2 Rc4 33.Qd2 Qf5 34.Kg2 Qe5 35.
Ne2 g4 36.Nd4 gxf3+ 37.Nxf3 Qe4 38.Rh4 Ng4 39.Qe2 Rc2 40.Rxg4+ Kf8 41.Rxe4
Rxe2+ 42.Kf1 Rxa2 43.Rd4 Ra4 44.Ke2 Ke7 45.Ne1 Ke6 46.Nd3 Ra2+ 47.Kf3 a5 
48.bxa5 Rxa5 49.Nf4+ Kd6 50.Nxd5 Kc6 51.g4 Ra1 52.Nb4+ Kc5 53.Nd3+ Kc6 54.
Rf4 f6 55.Rxf6+ 1-0

[Event "XIV American Continental"]
[Site "Sao Paulo BRA"]
[Date "2019.07.09"]
[Round "6.78"]
[White "Ferreira, Kleber Victor"]
[Black "Pereira Filho, Hildebrando Apolonio"]
[Result "1-0"]
[WhiteElo "2038"]
[BlackElo "1573"]
[EventDate "2019.07.05"]
[PlyCount "61"]
[EventRounds "11"]
[EventCountry "BRA"]

1.e4 c5 2.Nc3 Nc6 3.Bb5 g6 4.Bxc6 bxc6 5.d3 Bg7 6.f4 Nf6 7.Nf3 d6 8.O-O 
Bg4 9.Qe1 Bd7 10.e5 dxe5 11.fxe5 Nd5 12.Ne4 Nb4 13.Qf2 Na6 14.Nfg5 f6 15.
exf6 Bxf6 16.Nxf6+ exf6 17.Ne4 Bf5 18.Ng3 Be6 19.Bh6 f5 20.Rae1 Kd7 21.Re5
Qb6 22.Nh5 gxh5 23.Rxe6 Rae8 24.Rxe8 Rxe8 25.Qxf5+ Re6 26.Qxh7+ Re7 27.
Qf5+ Re6 28.Re1 c4+ 29.Kh1 Nc7 30.Qf7+ Kd6 31.Bf8+ 1-0

[Event "XIV American Continental"]
[Site "Sao Paulo BRA"]
[Date "2019.07.09"]
[Round "6.79"]
[White "De Freitas, Julio Eimard"]
[Black "Do Nascimento, Christian Almeida"]
[Result "1/2-1/2"]
[WhiteElo "1799"]
[BlackElo "2033"]
[EventDate "2019.07.05"]
[PlyCount "103"]
[EventRounds "11"]
[EventCountry "BRA"]

1.d4 Nf6 2.Nf3 d5 3.c4 e6 4.g3 b6 5.Bg2 Bb7 6.O-O Nbd7 7.Nc3 Be7 8.h3 O-O 
9.cxd5 Nxd5 10.Re1 N7f6 11.Ne5 Nxc3 12.bxc3 Bxg2 13.Kxg2 c5 14.e4 Qc7 15.
Qf3 Rac8 16.Bf4 Qb7 17.Ng4 cxd4 18.cxd4 Rfd8 19.Rad1 Rc2 20.d5 exd5 21.
Nxf6+ Bxf6 22.exd5 Rxa2 23.d6 Qxf3+ 24.Kxf3 g5 25.Be5 Bxe5 26.Rxe5 h6 27.
d7 Kf8 28.Rd6 Rc2 29.Rxh6 Rxd7 30.Rxg5 Rb2 31.h4 Rdd2 32.Rh8+ Ke7 33.Rb8 
Rxf2+ 34.Ke3 a5 35.Rxb6 Rxb6 36.Kxf2 Ra6 37.Re5+ Kf6 38.Re3 a4 39.Ra3 Ke5 
40.Ke3 Kd5 41.g4 Kc4 42.g5 Kb4 43.Ra1 a3 44.Kf4 Ra5 45.h5 Kb3 46.h6 Kb2 
47.Rh1 a2 48.h7 Ra8 49.Kf5 Rh8 50.Rh2+ Kb3 51.Rxa2 Kxa2 52.g6 1/2-1/2

[Event "XIV American Continental"]
[Site "Sao Paulo BRA"]
[Date "2019.07.09"]
[Round "6.80"]
[White "Ferreira, Caio Tulio Moreira"]
[Black "Guerreiro, Alexandre Vieira"]
[Result "0-1"]
[WhiteElo "1579"]
[BlackElo "2016"]
[EventDate "2019.07.05"]
[PlyCount "44"]
[EventRounds "11"]
[EventCountry "BRA"]

1.e4 c5 2.Nf3 e6 3.d3 Nc6 4.g3 g6 5.Bg2 Bg7 6.O-O Nge7 7.Nbd2 O-O 8.Re1 e5
9.Nf1 d6 10.Ne3 h6 11.Nd5 Bg4 12.h3 Bxf3 13.Bxf3 Nxd5 14.exd5 Ne7 15.c4 f5
16.Rb1 f4 17.gxf4 Nf5 18.Kh1 Qh4 19.Bg2 Qxf2 20.Qd2 Qh4 21.Kh2 exf4 22.
Qxf4 Qxe1 0-1